Talking in Paris : Intermediate

সংরক্ষণ করুন:
গ্রন্থ-পঞ্জীর বিবরন
প্রধান লেখক: Bastow, Tania
বিন্যাস: গ্রন্থ
ভাষা:Undetermined
প্রকাশিত: Oxford Oxford University Press 1994
বিষয়গুলি:
ট্যাগগুলো: ট্যাগ যুক্ত করুন
কোনো ট্যাগ নেই, প্রথমজন হিসাবে ট্যাগ করুন!
Thư viện lưu trữ: Trung tâm Học liệu Trường Đại học Cần Thơ
LEADER 00546nam a2200205Ia 4500
001 CTU_118927
008 210402s9999 xx 000 0 und d
082 |a 428.34 
082 |b B327i 
100 |a Bastow, Tania 
245 0 |a Talking in Paris : 
245 0 |b Intermediate 
245 0 |c Tania Bastow, Ceri Jones 
260 |a Oxford 
260 |b Oxford University Press 
260 |c 1994 
650 |a English language,Listening 
650 |x Spoken English 
904 |i M.Loan 
980 |a Trung tâm Học liệu Trường Đại học Cần Thơ